1254 1796 1894 1460 1576 1941 1612 1720 1217 1792 1207 1725 1741 1377 1528 1885 1243 1414 1048 1811 1146 1751 1598 1716 1578 1652 1534 1150 1636 1446 1047 1946 1010 1427 1234 1683 1990 1138 1905 1403 1362 1269 1430 1171 1947 1230 1948 1285 1536 1016 1950 1150 1133 1526 1142 1522 1984 1400 1210 1480 1188 1150 1886 1093 1147 1191 1809 1035 1630 1981 1491 1275 1292 1888 1246 1659 1077 1570 1245 1385 1773 1490 1919 1524 1087 1320 1005 1051 1271 1801 1306 1952 1269 1347 1184 1908 1309 1539 1923 BCNSPRNW ULIB Ver.6.0+V

เปลี่ยนเป็นภาษาไทย

Change to English
 แสดงรายละเอียดบรรณานุกรม
  กลับหน้าหลัก

Brief Record : Get Marc (ISO 2709) : E-mail record : QR code < ปิดหน้าต่าง
LEADER : 00000nam 2200000uu 4500
001    13399112490
003     ULIB
008    110627s2551||||th 000 0 tha d
020    9786160101141
090    นว.^bจ757ส 2551
100 0  ปุยฝ้าย
245 00 Surprise Hiso ท้าชนหัวใจยัยไฮโซมาดร้ายกับคุณชายมาดรัก/^cปุยฝ้าย
250    พิมพ์ครั้งที่
260    กรุงเทพฯ :^bแจ่มใส,^c2551
300    168 หน้า
710 1  แจ่มใส
945    ^p159^l0^i023607
999 ^a เกษร
รายการนี้ยังไม่มีแท็ก
คุณยังไม่ได้ล็อกอิน คุณสามารถมีกิจกรรมร่วมกับเว็บไซต์ได้ แต่ต้องล็อกอินก่อน ::
  ล็อกอิน

รายการสื่อสารสนเทศ

ลำดับที่ ประเภท เลขเรียก/บาร์โค้ด สถานที่ สถานะ
- ไม่พบข้อมูล -

BibComment


ยังไม่เคยถูกคอมเมนท์

คอมเมนท์ทรัพยากรรายการนี้
  คอมเมนท์: Surprise Hiso ท้า..


 Copyright 2026. Bcnsprnw @Library